Among the gods #5 / Lynn Austin.
Available copies
- 1 of 1 copy available at LARL/NWRL Consortium.
Current holds
0 current holds with 1 total copy.
View other formats and editions
Show Only Available Copies
| Location | Call Number / Copy Notes | Barcode | Shelving Location | Status | Due Date |
|---|---|---|---|---|---|
| Crookston Public Library | C AUS (Text) | 33500008877136 | Main | Available | - |
Record details
- ISBN: 0764229931 (pbk. : alk. paper)
- Physical Description: 347 p. ; 22 cm.
- Publisher: Minneapolis, Minn. : Bethany House, 2006.
Search for related items by subject
| Subject: | Manasseh, King of Judah > Fiction. Bible. O.T. Kings > History of Biblical events > Fiction. Israel > Kings and rulers > Fiction. |
| Genre: | Religious fiction. |
Search for related items by series
| LDR | 01368nam a22003378a 4500 | ||
|---|---|---|---|
| 001 | 69930 | ||
| 003 | LARL_NWRL_CONSORTIUM | ||
| 005 | 20060608104313.0 | ||
| 008 | 060315s2006 mnu b 000 0 eng | ||
| 020 | . | ‡a0764229931 (pbk. : alk. paper) | |
| 035 | . | ‡a(OCoLC)64897465 | |
| 043 | . | ‡aa-is--- | |
| 082 | 0 | 0. | ‡a813/.54 ‡222 |
| 100 | 1 | . | ‡aAustin, Lynn N. ‡0(LARL_NWRL_CONSORTIUM)139803 |
| 245 | 1 | 0. | ‡aAmong the gods ‡n#5 / ‡cLynn Austin. |
| 260 | . | ‡aMinneapolis, Minn. : ‡bBethany House, ‡c2006. | |
| 300 | . | ‡a347 p. ; ‡c22 cm. | |
| 490 | 0 | . | ‡aChronicles of the Kings ; ‡v5 |
| 600 | 0 | 0. | ‡aManasseh, ‡cKing of Judah ‡vFiction. |
| 630 | 0 | 0. | ‡aBible. ‡pO.T. ‡pKings ‡xHistory of Biblical events ‡vFiction. |
| 651 | 0. | ‡aIsrael ‡xKings and rulers ‡vFiction. ‡0(LARL_NWRL_CONSORTIUM)168549 | |
| 655 | 0. | ‡aReligious fiction. | |
| 901 | . | ‡a69930 ‡bOCLC ‡c69930 ‡tbiblio | |

Add to basket
Permalink
Disable Highlighting